संगीत की रसिक परम्परा / (Record no. 119253)
[ view plain ]
| 000 -LEADER | |
|---|---|
| fixed length control field | 01225nam a22002897a 4500 |
| 003 - CONTROL NUMBER IDENTIFIER | |
| control field | dpl |
| 005 - DATE AND TIME OF LATEST TRANSACTION | |
| control field | 20190226132726.0 |
| 008 - FIXED-LENGTH DATA ELEMENTS--GENERAL INFORMATION | |
| fixed length control field | 190226b ||||| |||| 00| 0 eng d |
| 010 ## - LIBRARY OF CONGRESS CONTROL NUMBER | |
| LC control number | B-242226 |
| 020 ## - INTERNATIONAL STANDARD BOOK NUMBER | |
| Terms of availability | 150.00 |
| International Standard Book Number | 8171245498 |
| 035 ## - SYSTEM CONTROL NUMBER | |
| System control number | B-242226, B-242228 |
| 037 ## - SOURCE OF ACQUISITION | |
| Source of stock number/acquisition | Cen Lib/Ret |
| 040 ## - CATALOGING SOURCE | |
| Original cataloging agency | DPL |
| Language of cataloging | HN |
| Transcribing agency | 0 |
| 082 ## - DEWEY DECIMAL CLASSIFICATION NUMBER | |
| Classification number | 780 |
| Item number | प्रमिला |
| 100 ## - MAIN ENTRY--PERSONAL NAME | |
| Personal name | प्रमिला प्रियहासिनी |
| 9 (RLIN) | 42819 |
| 245 ## - TITLE STATEMENT | |
| Title | संगीत की रसिक परम्परा / |
| Statement of responsibility, etc | प्रमिला प्रियहासिनी |
| 246 ## - VARYING FORM OF TITLE | |
| Title proper/short title | Sangeet rasik parmpara / |
| Remainder of title | by Pramila Priyahasini |
| 260 ## - PUBLICATION, DISTRIBUTION, ETC. (IMPRINT) | |
| Place of publication, distribution, etc | वाराणसी |
| Name of publisher, distributor, etc | विश्वविद्यला प्रकाशन |
| Date of publication, distribution, etc | 2007 |
| 270 ## - ADDRESS | |
| City | वाराणसी |
| Address | चौक |
| 300 ## - PHYSICAL DESCRIPTION | |
| Extent | xi136पृ. |
| Dimensions | 19सेमी(सजिल्द ) |
| 500 ## - GENERAL NOTE | |
| General note | परिशिष्ट शामिल |
| 650 ## - SUBJECT ADDED ENTRY--TOPICAL TERM | |
| Topical term or geographic name as entry element | संगीत - भारत - इतिहास और आलोचना। |
| General subdivision | |
| Geographic subdivision | |
| 9 (RLIN) | 84027 |
| 650 ## - SUBJECT ADDED ENTRY--TOPICAL TERM | |
| Topical term or geographic name as entry element | संगीत |
| 9 (RLIN) | 84028 |
| 650 ## - SUBJECT ADDED ENTRY--TOPICAL TERM | |
| Topical term or geographic name as entry element | Music -- India -- History and criticism |
| 9 (RLIN) | 84029 |
| 650 ## - SUBJECT ADDED ENTRY--TOPICAL TERM | |
| Topical term or geographic name as entry element | Music |
| 9 (RLIN) | 4778 |
| 942 ## - ADDED ENTRY ELEMENTS (KOHA) | |
| Source of classification or shelving scheme | Dewey Decimal Classification |
| Koha item type | Hindi Books |
| Classification part | 780 |
| Call number suffix | प्रमिला |
| Withdrawn status | Lost status | Damaged status | Not for loan | Home library | Current library | Date acquired | Source of acquisition | Cost, normal purchase price | Total Checkouts | Total Renewals | Full call number | Barcode | Date last seen | Date checked out | Copy number | Cost, replacement price | Price effective from | Koha item type | Source of classification or shelving scheme | Collection code |
|---|---|---|---|---|---|---|---|---|---|---|---|---|---|---|---|---|---|---|---|---|
| Central Library | Central Library | 16/09/2015 | Cen Lib/Ref | 150.00 | 3 | 1 | 780 प्रमिला | B-242226 | 22/01/2025 | 03/01/2025 | 1 | 150.00 | 16/09/2015 | Hindi Books | ||||||
| Shahdara Branch | Shahdara Branch | 26/02/2019 | BPPD/PUB | 150.00 | 780 प्रमिला | B-242228 | 26/02/2019 | 150.00 | 26/02/2019 | Hindi Books | Dewey Decimal Classification | Non-fiction |
